00749nam a22002291 450000500170000000800410001701000140005802000230007203500130009503500170010803700150012503700230014004000180016308200160018110000280019724500750022526000400030027000670034030000280040750000580043565000260049320050808122104.0721219s1962 nyu | 00| 0 eng  aENG-93786 a8189412477c400.00 aEN-77319 aB-341122-134 bDBAD / PUB bAvishkar Prakashan adplbEnglish  a025.0202854 aBhupendra Narayan Singh aSoftware packages for library automation /cby Bhupendra Narayan Singh aNew DelhibAvishkar Prakashanc2008 aL-20/13, Gali No.5, Chivaji Marg, Kartar Nagarb Delhie110053 aviii, 272 p.c23cm(Hb)  aincludes glossary, bibliographical references & index aLibrariesxAutomation